000
00261nam a22001217a 4500
008
170328b xxu||||| |||| 00| 0 eng d
041
_a
eng
080
_2
5 ed
_a
796.3
100
_a
8
101
_a
shm
245
_a
FITNESS WELLNESS
_c
POWERS.S.K
942
_2
udc
_c
BK
999
_c
8849
_d
8849